Statistics for Previous NBA Finals MVP's

Click here to take the quiz!

General Stats

  • This quiz has been taken 6,229 times
  • The average score is 14 of 15

Answer Stats

HintAnswer% Correct
2012LeBron James
99%
2010Kobe Bryant
97%
2009Kobe Bryant
97%
2002Shaquille O'Neal
93%
2001Shaquille O'Neal
93%
2000Shaquille O'Neal
93%
2011Dirk Nowitzki
92%
2005Tim Duncan
92%
2003Tim Duncan
92%
1999Tim Duncan
92%
1998Michael Jordan
91%
2006Dwyane Wade
89%
2008Paul Pierce
86%
2007Tony Parker
82%
2004Chauncey Billups
77%

Score Distribution

Percentile by Number Answered

Percent of People with Each Score

Your Score History

You have not taken this quiz